Tilastot visalle Mikä sana on keskellä?

Klikkaa tästä pelataksesi tätä visaa!

Yleistilastot

  • Tätä visaa on pelattu 216 kertaa
  • Keskiarvotulos 8 / 14

Vastaustilastot

Sana edessä?Sana?Sana takana% Oikein
linjaautokorjaamo
99%
Thaimaatila
80%
ruokapöytäliina
73%
yhdyssanaleikki
73%
nuoskalumiukko
66%
jääkiekkoottelupallo
65%
muuttolintuhäkki
61%
yhteiskuntaliitos
59%
tietokonepaja
56%
savupiipputupakka
54%
tohvelieläintarha
49%
lehtipuukirkko
44%
yksityishenkilökohtainen
36%
asuntonäyttöpääte
25%

Tulosjakauma

Persentiili vastausten määrän mukaan

Jokaisen tuloksen saaneiden osuus

Tuloshistoriasi

Et ole pelannut tätä visaa